| 000 | 00349 a2200157 4500 | ||
|---|---|---|---|
| 001 | 192546 | ||
| 020 | _a85-346-1073-8 | ||
| 040 | _cMagnum | ||
| 100 | _aSilberschatz, Abraham | ||
| 240 | 1 | 0 |
_aSistema de banco de dados _lpor |
| 245 | 1 | 0 | _aSistema de banco de dados |
| 300 | _a778 | ||
| 362 | 0 | _a1999 | |
| 697 | _aLITERATURA GERAL | ||
| 942 | _cBK | ||
| 999 |
_c192546 _d192546 |
||